Kapitálový trh na Slovensku

Na minha lista:
Detalhes bibliográficos
Autor principal: Hrvoľová, Božena
Formato: Capítulo de Livro
Idioma:eslovaco
Tags: Adicionar Tag
Sem tags, seja o primeiro a adicionar uma tag!

MARC

LEADER 00000naa$a2200000$$$4500
001 0087613
005 20240502083228.8
041 0 |a slo 
044 |a CZ 
245 1 0 |a Kapitálový trh na Slovensku  |c Božena Hrvoľová 
100 1 |a Hrvoľová, Božena